| 000 | 00417pab a2200169 454500 | ||
|---|---|---|---|
| 008 | 180718b2007 xxu||||| |||| 00| 0 eng d | ||
| 100 | _aBanerjee, Debdas | ||
| 245 | _aTrends in wage and income differentials | ||
| 260 | _c2007 | ||
| 300 | _ap.891-902. | ||
| 362 | _aOct-Dec | ||
| 650 | _aWages | ||
| 650 | _aIncome distribution | ||
| 773 | _aIndian Journal of Labour Economics | ||
| 908 | _aN | ||
| 909 | _a77279 | ||
| 999 |
_c77279 _d77279 |
||